000 00621nam a2200241Ia 4500
003 OSt
005 20220918205858.0
006 a|||||r|||| 00| 0
007 ta
008 220917b |||||||| |||| 00| 0 eng d
024 _a118,296
037 _cTextual
040 _aARTS
_cARTS
_beng
041 _2eng
_aeng
082 _aV654.N, M1
100 _aNnoli Okwwdiba Ed
_9116493
245 0 _aPath of Nigeria development
260 _aDakar
_bCodersia
_c1981
300 _aviii, 264p.
_ccm.
650 _aHISTORY
942 _hV654.N, M1
_cTEXL
_2CC
999 _c241566
_d241566